Подробности
| 000 -МАРКЕР |
| контрольное поле |
01384nam0a2200325 4500 |
| 001 - ИДЕНТИФИКАТОР ЗАПИСИ |
| контрольное поле |
RU\NLR\bibl\1877655 |
| 005 - ИДЕНТИФИКАТОР ВЕРСИИ |
| контрольное поле |
20260406110447.0 |
| 035 ## - ДРУГИЕ СИСТЕМНЫЕ НОМЕРА |
| Идентификатор записи |
(NLR Aleph) 001867449 |
| 100 ## - ДАННЫЕ ОБЩЕЙ ОБРАБОТКИ |
| Данные общей обработки |
20120306d2011 |||y0rusy50 ca |
| 101 0# - ЯЗЫК РЕСУРСА |
| Язык текста, звукозаписи и т.д. |
русский |
| 102 ## - СТРАНА ПУБЛИКАЦИИ ИЛИ ПРОИЗВОДСТВА |
| Страна публикации |
Российская Федерация |
| 105 ## - ПОЛЕ КОДИРОВАННЫХ ДАННЫХ: ТЕКСТОВЫЕ МАТЕРИАЛЫ, МОНОГРАФИЧЕСКИЕ |
| Кодированные данные о монографическом текстовом документе |
y ||||||||| |
| 200 1# - ЗАГЛАВИЕ И СВЕДЕНИЯ ОБ ОТВЕТСТВЕННОСТИ |
| Основное заглавие |
Да исчезнет печаль, Пока мы молоды! |
| Параллельное заглавие |
Pereat tristitia, Juvenes dum sumus! |
| Первые сведения об ответственности |
Григорий Ястребенецкий |
| Язык параллельного заглавия |
латинский |
| 210 ## - ПУБЛИКАЦИЯ, РАСПРОСТРАНЕНИЕ И ДР. |
| Место издания, распространения и т.д. |
Санкт-Петербург |
| Имя издателя, распространителя и т. д. |
Филателия |
| Дата издания, распространения и т.д. |
2011 |
| 215 ## - ФИЗИЧЕСКАЯ ХАРАКТЕРИСТИКА |
| Специфическое обозначение материала и объем |
117 с. |
| Другие сведения о физической характеристике |
ил., портр., факс. |
| Размеры |
21 |
| 316 ## - ПРИМЕЧАНИЯ ОБ ОСОБЕННОСТЯХ ЭКЗЕМПЛЯРА |
| Текст примечания |
Экз. N° 03 Рос. нац. б-ки |
| Организация и экземпляр, к которому относится поле |
NLR |
| 510 0# - ПАРАЛЛЕЛЬНОЕ ЗАГЛАВИЕ |
| Связь между полями |
z73790 |
| Параллельное заглавие |
Pereat tristitia, Juvenes dum sumus! |
| Язык заглавия |
латинский |
| 600 #1 - ИМЯ ЛИЦА КАК ПРЕДМЕТ |
| Начальный элемент ввода |
Ястребенецкий |
| Часть имени, кроме начального элемента ввода |
Г.Д. |
| Даты |
1923 |
| Расширение инициалов личного имени |
Григорий Данилович |
| Тематический подзаголовок |
Автобиография |
| Системный номер авторитетной/нормативной записи |
2096796 |
| Идентификатор авторитетной/нормативной записи |
RU\NLR\auth\661572097 |
| 686 ## - ИНДЕКСЫ ДРУГИХ КЛАССИФИКАЦИЙ |
| Индекс |
Щ133(2Р=Рус)7-8Ястребенецкий |
| 700 #1 - ИМЯ ЛИЦА - ПЕРВИЧНАЯ ОТВЕТСТВЕННОСТЬ |
| Код отношения |
Автор |
| Материалы, к которым относится поле |
rus |
| Графика поля |
Кириллица |
| Начальный элемент ввода |
Ястребенецкий |
| Часть имени, кроме начального элемента ввода |
Г. Д. |
| Даты |
1923-2022 |
| Расширение инициалов личного имени |
Григорий Данилович |
| Идентификатор авторитетной/нормативной записи |
RU\NLR\AUTH\77109591 |
| Системный номер авторитетной/нормативной записи |
92516 |
| 790 #1 - ИМЯ ЛИЦА - АЛЬТЕРНАТИВНАЯ ФОРМА |
| Код отношения |
Автор |
| Материалы, к которым относится поле |
rus |
| Графика поля |
Латинская |
| Начальный элемент ввода |
Jastrebeneckij |
| Часть имени, кроме начального элемента ввода |
G. D. |
| Даты |
1923-2022 |
| Расширение инициалов личного имени |
Grigorij Danilovič |
| Идентификатор авторитетной/нормативной записи |
RU\NLR\AUTH\77109596 |
| Системный номер авторитетной/нормативной записи |
92521 |
| 801 #0 - ИСТОЧНИК ЗАПИСИ |
| Страна |
Российская Федерация |
| Организация |
NLR |
| Дата составления |
20120306 |
| Правила каталогизации |
RCR |
| 801 #1 - ИСТОЧНИК ЗАПИСИ |
| Страна |
Российская Федерация |
| Организация |
NLR |
| Дата составления |
20120306 |
| 830 ## - ОБЩЕЕ ПРИМЕЧАНИЕ, СОСТАВЛЕННОЕ КАТАЛОГИЗАТОРОМ |
| Текст примечания |
по эк |
| 942 ## - ДОПОЛНИТЕЛЬНЫЕ ЭЛЕМЕНТЫ ЗАПИСИ (АБИС) |
| Тип экземпляра АБИС |
Книга |
| 980 ## - КОЛЛЕКЦИЯ |
| Название коллекции |
Национальная библиография |
| 980 ## - КОЛЛЕКЦИЯ |
| Название коллекции |
НБР |